<?xml version="1.0" encoding="UTF-8"?>
<collection xmlns="http://www.loc.gov/MARC21/slim">
 <record>
  <leader>00511nam a22001455a 4500</leader>
  <controlfield tag="001">EUN.um012113</controlfield>
  <controlfield tag="003">AR-BaUNS</controlfield>
  <controlfield tag="005">20050623122855.0</controlfield>
  <controlfield tag="008">041125s1957####be############000#0#fre#d</controlfield>
  <datafield tag="245" ind1="1" ind2="0">
   <subfield code="a">Colloque d'algébre supérieure /</subfield>
   <subfield code="c">Centre belge de recherches mathemathiques.</subfield>
  </datafield>
  <datafield tag="260" ind1=" " ind2=" ">
   <subfield code="a">Louvain :</subfield>
   <subfield code="b">Centre belge de recherches mathemathiques,</subfield>
   <subfield code="c">1957.</subfield>
  </datafield>
  <datafield tag="300" ind1=" " ind2=" ">
   <subfield code="a">290 p.</subfield>
  </datafield>
  <datafield tag="082" ind1="0" ind2="4">
   <subfield code="a">512.8</subfield>
  </datafield>
  <datafield tag="110" ind1="2" ind2=" ">
   <subfield code="a">Centre belge de recherches mathemathiques</subfield>
   <subfield code="c">Louvain.</subfield>
  </datafield>
  <datafield tag="859" ind1=" " ind2=" ">
   <subfield code="a">Ar-BaUNS</subfield>
   <subfield code="b">BIB. CENTRAL - Sector C</subfield>
   <subfield code="h">512.8</subfield>
   <subfield code="i">L937</subfield>
   <subfield code="p">3212/963</subfield>
  </datafield>
 </record>
</collection>
